000 00962cab a22002055a 4500
001 L145816
008 081111e20081107xxkdo f s 000 0 eng d
035 _a(Sirsi) u145816
041 0 _aeng
100 1 _aParsley, David
245 0 0 _aHow the bonus became extinct
260 _c2008
490 _aBuilding
_v273 (8554) 07 November 2008, 60-62 (3)
520 _aExamines the 2008 Building/Hays Executive salary guide. Reveals that executives' bonuses are and will be lower in the next years. Salaries remain at the same level. Reports that companies have ample choice of job candidates due to the amount of unemployed people on the market. Shows that salaries of those working abroad are not as high as they used to be. Contains tables of executive and managing directors' salaries and benefits.
590 _aKA
650 2 4 _aBUILDING/HAYS EXECUTIVE SALARY GUIDE
651 4 _aUnited Kingdom
_y
690 _aMANAGEMENT-BUSINESS MANAGEMENT
942 _n0
999 _c80950
_d80950